000 00306nam a22000977a 4500
999 _c516893
_d516893
082 _aTNC Y1182x5413 P195f
100 _aPant, Niranjan and Verma, R.K.
_923726
245 _aFarmers organization and irrigation management
_cBy Niranjan Pant and R.K. Verma
260 _aNew Delhi
_bAshish
_c1983
300 _a111p.